| 000 | 00539nam a2200193 a 4500 | ||
|---|---|---|---|
| 005 | 20210223122637.0 | ||
| 008 | 991125s1983 es 000 0 spa u | ||
| 020 | _a8437210534 | ||
| 035 | _aUPN01000039298 | ||
| 049 | _aCG | ||
| 050 | 4 |
_aQL467.2 _bM4.4 |
|
| 100 | 1 |
_aMendoza, José Pablo _937088 |
|
| 245 | 1 | 0 |
_aMi colección de insectos / _cJosé Pablo Mendoza. |
| 260 |
_aMadrid : _bAltea, _c1983. |
||
| 300 |
_a95 p. : _bil. col. |
||
| 440 | 0 | _aTiempo Libre | |
| 650 | 4 |
_aINSECTOS - _xCOLECCION Y PRESERVACION _923870 |
|
| 905 | _aLibro | ||
| 999 |
_c39298 _d39298 |
||